Metternich: der Staatsmann und der Mensch

Zapisane w:
Opis bibliograficzny
1. autor: Ritter von Srbik, Heinrich (Autor)
Format: Książka
Język:niemiecki
Wydane: Múnich F. Bruckmann 1954
Wydanie:1a. ed
Hasła przedmiotowe:
Etykiety: Dodaj etykietę
Nie ma etykietki, Dołącz pierwszą etykiete!

MARC

LEADER 00000cam a2200000 a 4500
001 UCD4209
003 CL-VaPUC
008 160701e19540000gw |||||||||||||||||ger|d
082 0 4 |a 943.603  |b RIT  |2 21 
100 0 |a Ritter von Srbik, Heinrich  |e author  |9 587839 
245 1 0 |a Metternich: der Staatsmann und der Mensch 
250 |a 1a. ed 
300 |a 235 p 
942 |c BK 
945 |d 20160701 20:49:00  |a dcastane 
260 |a Múnich  |b F. Bruckmann  |c 1954 
600 0 7 |a METTERNICH-WINNEBURG, CLEMENS  |2 CL-VaPUC  |9 350283 
650 0 |a Historia Siglo 18  |9 257136 
650 7 |a HISTORIA AUSTRIACA  |2 CL-VaPUC  |9 350284 
650 0 |a Biografías  |9 255210 
583 |a last modification  |c 20160701 20:49:00  |k Rodrigo Vera 
999 |c 365151  |d 365149 
952 |0 0  |1 0  |3 erd  |4 0  |6 943_603000000000000_RIT_1954  |7 0  |8 A  |9 478898  |a FDOHBE  |b FDOHBE  |e Huesbe Llanos, Marco Antonio, 1934-  |i 5332044  |o 943.603 RIT 1954  |p 5332044  |r 2024-01-30  |w 2019-11-24  |y BK  |z Catalogado en:20160701  |k HBE